الزوجة الثانية (Record no. 23026)
[ view plain ]
| 000 -LEADER | |
|---|---|
| fixed length control field | 03975ngm a22004815a 4500 |
| 005 - DATE AND TIME OF LATEST TRANSACTION | |
| control field | 20161122100054.0 |
| 007 - PHYSICAL DESCRIPTION FIXED FIELD--GENERAL INFORMATION | |
| fixed length control field | vd bvaizu |
| 008 - FIXED-LENGTH DATA ELEMENTS--GENERAL INFORMATION | |
| fixed length control field | 161105s2010 ua 110 g |||| 0| vzara d |
| 024 ## - OTHER STANDARD IDENTIFIER | |
| Standard number or code | ت.ر20/2/5 - ت.ع13/2/2010 |
| 028 ## - PUBLISHER NUMBER | |
| Publisher number | ت.ر20/2/5 - ت.ع13/2/2010 |
| Source | شركة القاهرة للإنتاج السينمائي |
| 040 ## - CATALOGING SOURCE | |
| Original cataloging agency | EG-ScBUE |
| Transcribing agency | ara |
| Modifying agency | EG-ScBUE |
| 041 ## - LANGUAGE CODE | |
| Language code of original and/or intermediate translations of text | ara |
| 082 04 - DEWEY DECIMAL CLASSIFICATION NUMBER | |
| Classification number | 791.4372 |
| Item number | ز و ج |
| Edition number | 22 |
| 245 02 - TITLE STATEMENT | |
| Title | الزوجة الثانية |
| Medium | [تسجيل مرئي] / |
| Statement of responsibility, etc | شركة القاهرة للإنتاج السينمائي ؛ قصة أحمد رشدي صالح ؛ سيناريو محمد مصطفى سامي، سعد الدين وهبه، صلاح أبو سيف ؛ حوار محمد مصطفى سامي ؛ إخراج صلاح أبو سيف. |
| 260 ## - PUBLICATION, DISTRIBUTION, ETC. (IMPRINT) | |
| Place of publication, distribution, etc | القاهرة : |
| Name of publisher, distributor, etc | السبكي فيلم، |
| Date of publication, distribution, etc | 2010. |
| 300 ## - PHYSICAL DESCRIPTION | |
| Extent | 1 قرص مرئي (110 دق.) : |
| Other physical details | أبيض وأسود ؛ |
| Dimensions | 4 3/4 بو. |
| 500 ## - GENERAL NOTE | |
| General note | الزوجة الثانية فيلم مصري درامي من إنتاج سنة 1967. |
| 508 ## - CREATION/PRODUCTION CREDITS NOTE | |
| Creation/production credits note | قصة، أحمد رشدي صالح ؛ سيناريو، محمد مصطفى سامي، سعد الدين وهبه، صلاح أبو سيف ؛ حوار، محمد مصطفى سامي ؛ التعليق وكلمات الأغنية، صلاح جاهين ؛ تلحين الأغنية، سيد مكاوي ؛ مساعد مخرج، أنور الشناوي ؛ المصور، محسن نصر ؛ مونتاج، سعيد الشيخ ؛ الرسوم المتحركة، عبد العليم زكي ؛ الموسيقى التصويرية، فؤاد الظاهري ؛ المنتج، رمسيس نجيب ؛ إخراج صلاح أبو سيف. |
| 511 ## - PARTICIPANT OR PERFORMER NOTE | |
| Participant or performer note | سعاد حسني، شكري سرحان، صلاح منصور، سناء جميل، عبد المنعم إبراهيم، حسن البارودي، سهير المرشدي، محمد نوح، نعيمة الصغير، إبراهيم الشامي، إسكندر منسي، عبد الغني النجدي، محمد إدريس، حسام الدين صالح، أحمد سامي، رضوان حافظ، عبد العظيم كامل، نبيل الشاذلي، فتحية علي، سامي عطايا، عزيزة بدر، عاطف مكرم. |
| 520 ## - SUMMARY, ETC. | |
| Summary, etc | تمر عشرون عاما على زواج العمدة الجشع عثمان وزوجته رقية دون أن ينجبا ويتشوق طوالها لطفل يحمل اسمه، يتزوج من فاطمة بعد أن يجبر زوجها على طلاقها ولكنه لا يستطيع أن ينال منها شيئا، يصاب بشلل عندما يفاجئ أنها حامل إذ أنها ما تزال على علاقة بزوجها، وعندما تنجب فاطمة لا يتحمل العمدة الصدمة فيموت. |
| 538 ## - SYSTEM DETAILS NOTE | |
| System details note | قرص مرئي (DVD) |
| 546 ## - LANGUAGE NOTE | |
| Language note | الفيلم باللغة العربية العربية. |
| 650 #0 - SUBJECT ADDED ENTRY--TOPICAL TERM | |
| Topical term or geographic name as entry element | الأفلام السينمائية |
| Geographic subdivision | مصر |
| Chronological subdivision | 1970-1999. |
| Source of heading or term | BUEsh |
| 650 #0 - SUBJECT ADDED ENTRY--TOPICAL TERM | |
| Topical term or geographic name as entry element | الأفلام الدرامية. |
| Source of heading or term | BUEsh |
| 653 ## - INDEX TERM--UNCONTROLLED | |
| Resource For college | Generalities |
| Arrived date list | November2016 |
| 655 #0 - INDEX TERM--GENRE/FORM | |
| Genre/form data or focus term | دراما. |
| Source of term | BUEsh |
| 700 1# - ADDED ENTRY--PERSONAL NAME | |
| Personal name | صالح، أحمد رشدي، |
| Relator term | الراوي. |
| 700 1# - ADDED ENTRY--PERSONAL NAME | |
| Personal name | سامي، محمد مصطفى، |
| Relator term | سيناريست. |
| 700 1# - ADDED ENTRY--PERSONAL NAME | |
| Personal name | وهبه، سعد الدين، |
| Relator term | سيناريست. |
| 700 1# - ADDED ENTRY--PERSONAL NAME | |
| Personal name | أبو سيف، صلاح، |
| Relator term | مخرج، |
| -- | سيناريست. |
| 700 1# - ADDED ENTRY--PERSONAL NAME | |
| Personal name | نجيب، رمسيس، |
| Relator term | منتج. |
| 700 1# - ADDED ENTRY--PERSONAL NAME | |
| Personal name | حسني، سعاد، |
| Relator term | ممثل. |
| 700 1# - ADDED ENTRY--PERSONAL NAME | |
| Personal name | سرحان، شكري، |
| Relator term | ممثل. |
| 700 1# - ADDED ENTRY--PERSONAL NAME | |
| Personal name | منصور، صلاح، |
| Relator term | ممثل. |
| 700 1# - ADDED ENTRY--PERSONAL NAME | |
| Personal name | جميل، سناء، |
| Relator term | ممثل. |
| 700 1# - ADDED ENTRY--PERSONAL NAME | |
| Personal name | إبراهيم، عبد المنعم، |
| Relator term | ممثل. |
| 9 (RLIN) | 41121 |
| 700 1# - ADDED ENTRY--PERSONAL NAME | |
| Personal name | بارودي، حسن، |
| Relator term | ممثل. |
| 9 (RLIN) | 16402 |
| 700 1# - ADDED ENTRY--PERSONAL NAME | |
| Personal name | مرشدي، سهير، |
| Relator term | ممثل. |
| 700 1# - ADDED ENTRY--PERSONAL NAME | |
| Personal name | نوح، محمد، |
| Relator term | ممثل. |
| 700 1# - ADDED ENTRY--PERSONAL NAME | |
| Personal name | شامي، إبراهيم، |
| Relator term | ممثل. |
| 710 2# - ADDED ENTRY--CORPORATE NAME | |
| Corporate name or jurisdiction name as entry element | شركة القاهرة للإنتاج السينمائي. |
| 942 ## - ADDED ENTRY ELEMENTS (KOHA) | |
| Source of classification or shelving scheme | Dewey Decimal Classification |
| Item type | |
| Withdrawn status | Lost status | Source of classification or shelving scheme | Damaged status | Not for loan | Koha collection | Location (home branch) | Sublocation or collection (holding branch) | Shelving location | Date acquired | Source of acquisition | Koha issues (times borrowed) | Koha full call number | Piece designation (barcode) | Koha date last seen | Price effective from | Koha item type |
|---|---|---|---|---|---|---|---|---|---|---|---|---|---|---|---|---|
| Dewey Decimal Classification | Baccah | Central Library | Central Library | Second Floor | 05/11/2016 | Purchase | 791.4372 ز و ج | 000034685 | 24/08/2022 | 05/11/2016 | CD | DVD - Movie (NB) |